Management Global Perspectives (Record no. 87998)

MARC details
000 -LEADER
fixed length control field 00540nam a2200217Ia 4500
008 - FIXED-LENGTH DATA ELEMENTS--GENERAL INFORMATION
fixed length control field 230125s9999 xx 000 0 und d
020 ## - INTERNATIONAL STANDARD BOOK NUMBER
International Standard Book Number 0-07-113772-6
041 ## - LANGUAGE CODE
Language code of text/sound track or separate title eng
082 ## - DEWEY DECIMAL CLASSIFICATION NUMBER
Classification number 658
Item number WEI KOO
100 ## - MAIN ENTRY--PERSONAL NAME
Personal name Weihrich H
9 (RLIN) 109450
245 ## - TITLE STATEMENT
Title Management Global Perspectives
250 ## - EDITION STATEMENT
Edition statement 10th ed
260 ## - PUBLICATION, DISTRIBUTION, ETC. (IMPRINT)
Date of publication, distribution, etc. 1993
Name of publisher, distributor, etc. McGraw-Hill
Place of publication, distribution, etc. New Delhi
300 ## - PHYSICAL DESCRIPTION
Extent 743p
500 ## - GENERAL NOTE
Keywords General Management
500 ## - GENERAL NOTE
Keywords PPM
650 ## - SUBJECT ADDED ENTRY--TOPICAL TERM
Topical term or geographic name as entry element Management
700 ## - ADDED ENTRY--PERSONAL NAME
Personal name Weihrich H & Koontz H
9 (RLIN) 109451
906 ## - LOCAL DATA ELEMENT F, LDF (RLIN)
b 68
Holdings
Withdrawn status Lost status Damaged status Not for loan Home library Current library Date acquired Vendor Cost, normal purchase price Bill number Total Checkouts Full call number Barcode Date last seen Cost, replacement price Bill Date Koha item type Original Barcode
        Smt. Hiraben Nanavati Institute of Management & Research for Women Smt. Hiraben Nanavati Institute of Management & Research for Women 13/01/1997 Varma Book Distributor 450.00 11391   658 WEI/KOO B00058 HIMR-BK-58 25/01/2023 382.00 13/01/1997 Books B00058